A-Z Wikipedia Famous Person Quiz - Suomi - Statistics

Yleistilastot
  • Tätä visaa on pelattu 178 kertaa
  • Keskiarvotulos 14 / 28
Vastaustilastot
A-Z Clue / Johtolanka Vastaus % Oikein
A itävaltalaissyntyinen pollitikko ja Saksan diktaattori 1930-1940-luvuilla (1889-1945) Adolf Hitler
93%
C Suomen tasavallan kuudes presidentti ja Suomen marsalkka (1867-1951) Carl Gustaf Emil Mannerheim
90%
U Suomen tasavallan kahdeksas presidentti (1900-1986) Urho Kekkonen
85%
N Ranskan keisari (1769-1821) Napoleon
79%
B italialainen pollitikko ja fasismin keskeinen perustaja (1883-1945) Benito Mussolini
78%
K suomalainen autourheilija (1979-) Kimi Räikkönen
77%
O al-Qaidan perustaja (1957-2011) Osama bin Laden
72%
D Yhdysvaltain 45. presidentti (1946-) Donald Trump
67%
Ä roomalaiskatolilainen nunna (1910-1997) Äiti Teresa
64%
G yhdysvaltalainen pollitikko ja Yhdysvaltain 43. presidentti (1946-) George W Bush
63%
J Neuvostoliiton “kommunistisen” puolueen ensimmäinen pääsihteeri (1878-1953) Josif Stalin
62%
Z ruotsalainen jalkapalloilija (1981-) Zlatan Ibrahimović
62%
L brittiläinen autourheilija (1985-) Lewis Hamilton
61%
V suomalainen kilpa-autoilija (1989-) Valtteri Bottas
61%
M saksalainen Formula 1 -kujlettaja (1969-) Michael Schumacher
55%
Q yhdysvaltalainen elokuvaohjaaja, käsikirjoittaja, näyttelijä sekä tuottaja (1963-) Quentin Tarantino
46%
F brittiläinen muusikko ja laulaja-lauluntekijä (1946-1991) Freddie Mercury
38%
X yhdysvaltalainen rap-artisti (1998-2018) XXXTentacion
36%
H suomalainen kilpa-autoilija (1981-) Heikki Kovalainen
35%
I suomalainen laulaja ja säveltäjä (1943-1991) Irwin Goodman
35%
S suomalainen näyttelijä, käsikirjoittaja ja tuottaja (1930-2001) Spede Pasanen
34%
W suomalainen oopperalaulaja (1984-) Waltteri Torikka
29%
T suomalainen lentopalloilija ja lentopallovalmentaja (1976-) Tuomas Sammelvuo
24%
E yhdysvaltalainen kirjailija (1899-1961) Ernest Hemingway
23%
Å suomalainen näyttelijä, elokuvaohjaaja sekä jalkapalloilija (1928-2009) Åke Lindman
18%
P suomalainen poliitikko (1959-) Päivi Räsänen
7%
Y suomalainen poliitikko (1830-1903) Yrjö Sakari Yrjö-Koskinen
7%
R yhdysvaltalainen valokuvaaja (1913-1954) Robert Capa
1%
Ehtoja vastaavia visoja ei löytynyt
Tulosjakauma
Jokaisen tuloksen saaneiden osuus
Persentiili vastausten määrän mukaan
Tuloshistoriasi
Et ole pelannut tätä visaa